000 00303nam a2200121Ia 4500
008 231106s2020 xx 000 0 und d
041 _aeng
082 _a751.42
100 _aTERRY HARRISONS
245 _aBEGINNERS GUIDE TO BOTANICAL FLOWER PAINTING
260 _bSEARCH PRESS
_c2020
300 _aP-128
999 _c920140
_d920140